Living conditions, quality of life settlement side of living conditions and quality of life : Housing conditions /

Elmentve itt :
Bibliográfiai részletek
Szerzők: Kovács Zoltán
Székely J.
Dokumentumtípus: Könyv része
Megjelent: Geographical Institute, Research Centre for Astronomy and Earth Sciences Budapest 2021
Sorozat:National atlas of Hungary volume 3.
Tárgyszavak:
mtmt:32158972
Online Access:http://publicatio.bibl.u-szeged.hu/39459
LEADER 00883naa a2200217 i 4500
001 publ39459
005 20260313145812.0
008 260313s2021 hu o 000 eng d
020 |a 9789639545649 
024 7 |a 32158972  |2 mtmt 
040 |a SZTE Publicatio Repozitórium  |b hun 
041 |a eng 
100 1 |a Kovács Zoltán 
245 1 0 |a Living conditions, quality of life  |h [elektronikus dokumentum] :  |b settlement side of living conditions and quality of life : Housing conditions /  |c  Kovács Zoltán 
260 |a Geographical Institute, Research Centre for Astronomy and Earth Sciences  |b Budapest  |c 2021 
300 |a 10 
300 |a 160-169 
490 0 |a National atlas of Hungary volume 3. 
650 4 |a Társadalom- és gazdaságföldrajz 
700 0 1 |a Székely J.  |e aut 
856 4 0 |u http://publicatio.bibl.u-szeged.hu/39459/1/National-Atlas-of-Hungary_Vol3_Ch12_2_1.pdf  |z Dokumentum-elérés